000 00423nam a2200169Ia 4500
001 33198
003 IN-NITTTR
005 20251114233432.0
008 251113s9999||||xx |||||||||||||| ||eng||
040 _beng
040 _cIN-NITTTR
041 _aeng
082 _aTK5105.59 .E62 2005eb
100 _aVemuri, V. Rao.
245 0 _aEnhancing Computer Security with Smart Technology /
_cVemuri, V. Rao.
942 _2ddc
_cBK
999 _c35149
_d35149